[Event "Niedersachsen-ch op B"]
[Site "Verden"]
[Date "2018.01.07"]
[Round "7"]
[White "Santos, Leonardo de Souza"]
[Black "Sturm, Hubert"]
[Result "1-0"]
[WhiteElo "1747"]
[BlackElo "1739"]
[PlyCount "61"]
[EventDate "2018.01.04"]
[EventType "swiss"]
[EventRounds "7"]
[EventCountry "GER"]
[SourceTitle "EXT 2022"]
[Source "ChessBase"]
[SourceDate "2021.10.06"]
[SourceVersion "1"]
[SourceVersionDate "2021.10.06"]
[SourceQuality "1"]

1. e4 c5 2. Nc3 d6 3. f4 e6 4. Bc4 Nf6 5. d3 d5 6. Bb5+ Bd7 7. Bxd7+ Nbxd7 8. e5 Ng8 9. Nf3 Ne7 10. 0-0 Nb6 11. Qe1 g6 12. g4 a6 13. a3 Bg7 14. Bd2 h5 15. gxh5 Rxh5 16. Ne2 Nbc8 17. Ng3 Rh8 18. b4 b6 19. bxc5 bxc5 20. Ba5 Qd7 21. Qc3 Qa7 22. Rab1 Nc6 23. Kg2 Ke7 24. Bb6 Qd7 25. Bxc5+ Ke8 26. Rb2 Qc7 27. Rfb1 Rb8 28. Bf2 Kd7 29. Rxb8 Nxb8 30. Qxc7+ Kxc7 31. Ng5 1-0

[Event "Niedersachsen-ch op-C"]
[Site "Verden"]
[Date "2017.01.05"]
[Round "2"]
[White "Santos, Leonardo de Souza"]
[Black "Pye, Raymond"]
[Result "1-0"]
[WhiteElo "1633"]
[BlackElo "1522"]
[PlyCount "53"]
[EventDate "2017.01.05"]
[EventType "swiss"]
[EventRounds "7"]
[EventCountry "GER"]
[SourceTitle "CBM 187 Extra"]
[Source "ChessBase"]
[SourceDate "2018.11.04"]
[SourceVersion "1"]
[SourceVersionDate "2018.11.04"]
[SourceQuality "1"]

1. e4 e5 2. Nf3 Nc6 3. d4 exd4 4. Nxd4 Bc5 5. Be3 Nxd4 6. Bxd4 Bxd4 7. Qxd4 Qf6 8. e5 Qg6 9. Nc3 Ne7 10. 0-0-0 a6 11. Bd3 Qe6 12. Bc4 Qg6 13. Rhe1 0-0 14. Bd3 Qe6 15. Re3 g6 16. Rh3 b6 17. Qf4 h5 18. Be4 Rb8 19. f3 Nc6 20. g4 Nxe5 21. Bd5 Qe7 22. gxh5 c6 23. hxg6 cxd5 24. Nxd5 Qe6 25. Nf6+ Kg7 26. Rh7+ Kxg6 27. Rg1+ 1-0